North America Word Scramble - Statistics

General Stats
  • This quiz has been taken 75 times
  • The average score is 9 of 10
Answer Stats
Answer % Correct
Jamaica
96%
Canada
93%
Haiti
93%
Panama
93%
Mexico
91%
Grenada
87%
Honduras
87%
Barbados
85%
Dominica
76%
Saint Lucia
76%
No matching quizzes found
Score Distribution
Percent of People with Each Score
Percentile by Number Answered
Your Score History
You have not taken this quiz